Quiz-Qui a dit ça?- Pirates des Caraïbes - Statistiques

Statistiques générales
  • Ce quiz a été pris 1 868 fois
  • Le résultat moyen est 11 sur 15
Statistiques - réponses
Citations Personnages % Correct
"A mon grand regret...Mais il n'est jamais trop tard pour apprendre" Jack
97%
"Le haut est en bas! Accrochez-vous." Jack
97%
"Nulle cause n'est perdu...s'il y a encore un pauvre fou prêt à se battre pour elle" Will
94%
"C'est moi. Et je m'entraîne avec trois heures par jour." Will
94%
"Tu penses toujours à fuir Jack?!" Barbossa
91%
"cette fois on est égarés!" Barbossa
91%
"Qui es-tu donc ?" Barbossa
91%
"Oh merci Capitaine!" Gibbs
74%
"Ca porte malheur d'avoir une femme a bord, mêmeune femme miniature." Gibbs
74%
"Ahhh, l'amour! Une erreur et une faute grave. Mais on tranche ces liens si facilement." Davy Jones
73%
"Vous avez passé trois jours sur une plage à boire du rhum" Elisabeth
53%
"Vous êtes sans nul doute le pirate le plus pitoyabledont on m'ait parlé" Norrington
53%
"(...) Chers amis, hissez nos couleurs" Elizabeth
49%
"Jack Sparrow, vous m'avez gravement insulté autrefois." Sao Feng
24%
"Le code c'est la loi." Teague Sparrow
14%
Aucun quiz correspondant
Distribution des résultats
% des personnes avec chaque résultat
Percentile par nombre de réponses
Votre historique - résultats
Vous n’avez pas pris ce quiz